000 00646nam a2200229Ia 4500
003 OSt
005 20220928115451.0
006 a|||||r|||| 00| 0
007 ta
008 220927b |||||||| |||| 00| 0 eng d
024 _a54436
037 _cTextual
040 _aSDCL
_cSDCL
_beng
041 _2eng
_aeng
082 _aY5.73'N7, L5
100 _aWiebe Robert H
_9444394
245 0 _aSegmented society
_b An introduction to the meaning of America.
260 _aLondon
_bOxford University Press
_c1975
300 _axi,209p
_ccm.
942 _hY5.73'N7, L5
_cTEXL
_2CC
999 _c759494
_d759494